000 02665nam0a2200469 4500
001 RU\NLR\BIBL_A\022264914
005 20260607070227.0
010 _a978-5-6048585-8-5
_91000
021 _aRU
_bКН-П-24-028837
_9КН-П-24-2941
035 _a(NLR Aleph) 022264914
090 _a12330959
_c12330959
100 _a20240627d2024 c y0rusy50 ca
101 0 _arus
102 _aRU
105 _aag j 000zy
181 0 _ai3
_baxxe
181 0 _ab2
_bxb2e
182 0 _an
200 1 _aПевческая азбука
_eучите детей правильной речи и пению
_e[детский альбом-практикум
_eучебная книга родителям и педагогам для занятий с малышами, дошкольниками и младшими школьниками]
_fЛ. Н. Алексеева, Е. И. Голубева
_gхудожник: И. В. Монсик
203 _aТекст
_aИзображение
_bвизуальные
_cнепосредственные
205 _a[Изд. 3-е, испр.]
210 _aМосква
_cБизнесФинансКонсалтинг
_d2024 (печ. 2023)
215 _a32, [1] с.
_cцв. ил., ноты
_d29
225 1 _aМосковская консерватория детям
300 _aНа 2-й с. обл. авт: Л. Н. Алексеева, заслуж. работник культуры РФ, канд. искусствоведения, преподаватель, Е. И. Голубева, канд. филол. наук
320 _aБиблиогр. в тексте
320 _aДр. кн. авт. на 4-й с. обл.
333 _a0+
606 1 _aРусский язык
_jБуквари
_91533567
_3RU\NLR\AUTH\66969347
606 1 _aДети
_jУчебные издания
_xОбучение пению
_92487417
_3RU\NLR\AUTH\6601692432
606 1 _aПение
_jУчебные издания для начальной школы
_91120754
_3RU\NLR\AUTH\66124245
686 1 _aЩ310.714я72
686 1 _aЧ313.558.3я7
686 1 _aЧ491.7(пение)я7
686 3 _aШ141.12-921Б
700 1 _8rus
_7ca
_aАлексеева
_bЛ. Н.
_cискусствовед
_gЛариса Николаевна
_3RU\NLR\AUTH\7715092
_9124753
701 1 _7ca
_8rus
_aГолубева
_bЕ. И.
_cканд. филол. наук, муз. педагог
_gЕкатерина Ивановна
_95079
_3RU\NLR\AUTH\7722018
702 1 _aМонсик
_bИ. В.
_gИрина Владиславовна
_4040
942 _cBOOK
980 _aNB